| 000 | 00875 a2200265 4500 | ||
|---|---|---|---|
| 003 | CBULib | ||
| 005 | 20231208123056.0 | ||
| 008 | 231208b |||||||| |||| 00| 0 eng d | ||
| 020 | _a9780470674963 | ||
| 040 |
_bEnglish _cCBULib _erda |
||
| 041 | _aeng | ||
| 050 | _aQC 903 Pal | ||
| 100 | 1 |
_aPalutikof, J. P. _91321 |
|
| 245 |
_aClimate adaptation futures _c/ by Jean Palutikof, Sarah L; Boulter, Andrew J. Ash; Mark Stafford Smith; M. L. Parry; Marie Waschka; and Daniela Guitart |
||
| 260 |
_bWiley-Blackwell, _c2013 _aOxford : |
||
| 300 | _axi, 374 pages | ||
| 336 |
_2rdacontent _aText | _btxt |
||
| 337 |
_2rdamedia _aUnmediated | _bn |
||
| 338 |
_2rdacarrier _aVolume _bnc |
||
| 504 | _aIncludes an index | ||
| 650 | 0 |
_91322 _aCHANGEMENT GLOBAL (ENVIRONMENT) |
|
| 650 | 0 |
_91323 _aCLIMATIC CHANGES |
|
| 650 | 0 |
_91324 _aENVIRONMENTAL POLICY |
|
| 942 |
_2lcc _c002 |
||
| 999 |
_c83590 _d83590 |
||